Chaîne de mots - 4 lettres - Statistiques

Statistiques générales
  • Ce quiz a été pris 325 fois
  • Le résultat moyen est 15 sur 20
Statistiques - réponses
Définition Réponse % Correct
Pas très rapide Lent
97%
Pas tôt Tard
93%
La barbe en est rempli Poil
90%
Cavité Trou
89%
Protège la main Gant
88%
Avant ou après les céréales Lait
87%
Se déplace en meute Loup
86%
Voyage après mariage Noce
86%
Utile au train Rail
85%
Arme de guerrier Epée
84%
Funéraire ou de vote Urne
84%
Blanc Noir
79%
Poisson pouvant se manger cru Thon
79%
Large Long
74%
Elle est séparée du corps Tete
71%
Cervidés de grande taille Elan
70%
Chanteuse d'opéra ou de classique Diva
56%
Autant Egal
51%
Usage excessif Abus
49%
Etre éloigner de tous Exil
39%
Aucun quiz correspondant
Distribution des résultats
% des personnes avec chaque résultat
Percentile par nombre de réponses
Votre historique - résultats
Vous n’avez pas pris ce quiz